|
|
|
|
| LEADER |
00000cam a2200000 i 4500 |
| 001 |
1/82463 |
| 008 |
050729q19501960xx | ||| |||| ||gre|| |
| 035 |
|
|
|l 10079533
|
| 040 |
|
|
|a GR-MyUa
|b gre
|e AACR2
|
| 041 |
0 |
|
|a gre
|
| 082 |
7 |
|
|a 232.901
|2 (22)
|
| 100 |
1 |
|
|a Ricciotti, Giuseppe,
|d 1890-1964.
|
| 245 |
1 |
2 |
|a Ο βίος του Ιησού Χριστού :
|b με κριτική εισαγωγή και εικονογράφηση /
|c G. Ricciotti ; μετάφρασις: Υακίνθου Δημητρίου.
|
| 260 |
|
|
|a Αθήναι :
|b [χ.ό.],
|c [195;]
|
| 300 |
|
|
|a 822 σ. :
|b εικ. ;
|c 25 εκ.
|
| 600 |
0 |
7 |
|2 nlgaf
|a Ιησούς Χριστός
|x Biography.
|
| 700 |
1 |
|
|a Δημητρίου, Υάκινθος,
|e trl
|
| 852 |
|
|
|a INST
|b RHODES
|c KRI
|e 20050729
|h 232.901 RIC
|p 005400028451
|q 005400028451
|t BK
|y 0
|
| 901 |
|
|
|a BIBL4-2005-2
|
| 970 |
|
|
|a Κόζα
|b Μαρία
|z 29/07/2005
|